Opatrnosť zákazníkov stále pretrváva

Kríza zamiešala karty aj v maloobchode a zmenila nákupné správanie spotrebiteľov. Rozhovor s predsedom a podpredsedom predstavenstva CBA SK o tom ako zvýšiť dôveru zákazníkov k obchodníkom i o plánoch do budúcnosti.

Salvato in:
Dettagli Bibliografici
Autore principale: Lysáková, Jana
Altri autori: Brezovský, Jozef
Natura: Capitolo di libro
Lingua:slovacco
Soggetti:
Tags: Aggiungi Tag
Nessun Tag, puoi essere il primo ad aggiungerne!!

MARC

LEADER 00000naa a2200000 4500
001 0155076
005 20231010141117.3
041 0 |a slo 
044 |a SK 
245 1 0 |a Opatrnosť zákazníkov stále pretrváva  |c Jana Lysáková, Jozef Brezovský 
520 |a Kríza zamiešala karty aj v maloobchode a zmenila nákupné správanie spotrebiteľov. Rozhovor s predsedom a podpredsedom predstavenstva CBA SK o tom ako zvýšiť dôveru zákazníkov k obchodníkom i o plánoch do budúcnosti. 
610 2 0 |a maloobchod 
610 2 0 |a kríza hospodárska 
610 2 0 |a správanie spotrebiteľa 
100 1 |a Lysáková, Jana 
700 1 |a Brezovský, Jozef